Matematická analýza
Uložené v:
| Hlavný autor: | |
|---|---|
| Ďalší autori: | |
| Médium: | Kniha |
| Jazyk: | Czech |
| Vydavateľské údaje: |
Praha
Státní nakladatelství technické literatury
1983
|
| Vydanie: | 2. nezměn. vyd. |
| Edícia: | Teoretická knižnice inženýra
|
| Tagy: |
Žiadne tagy, Buďte prvý, kto otaguje tento záznam!
|
MARC
| LEADER | 00000nam a2200000 4500 | ||
|---|---|---|---|
| 001 | c134531 | ||
| 005 | 20250820075133.3 | ||
| 041 | 0 | |a cze | |
| 044 | |a CZ | ||
| 245 | 1 | 0 | |a Matematická analýza |c Leonard Gillman, Robert H. Macdowell ; [Z angl. orig. přel. Jiří Adámek] |
| 250 | |a 2. nezměn. vyd. | ||
| 264 | 1 | |a Praha |b Státní nakladatelství technické literatury |c 1983 | |
| 300 | |a 603 s. | ||
| 490 | 1 | |a Teoretická knižnice inženýra | |
| 830 | 0 | |a Teoretická knižnice inženýra | |
| 100 | 1 | |a Gillman, Leonard | |
| 700 | 1 | |a Macdowell, Robert H. | |